| 000 | 00700nam a2200229Ia 4500 | ||
|---|---|---|---|
| 003 | GCL | ||
| 008 | 140319s9999 xx 000 0 ara d | ||
| 020 | _a186148977 | ||
| 040 |
_aGCL / _cGCL |
||
| 082 | 0 | 4 |
_a922.1 _bم ا |
| 100 | 1 | _aمحمد عمارة | |
| 245 | 1 | 0 |
_aالامام محمد عبده: مجدد الدنيا بتجديد الدين / _cمحمد عمارة |
| 250 | _aالثانية | ||
| 260 |
_aالقاهرة : _bدار الشروق ، _c1988 |
||
| 300 |
_a283 ص ؛ _c17 سم |
||
| 490 | _a | ||
| 650 | 0 | 4 | _aالاسلام |
| 650 | 0 | 4 | _aالمصلحون غير السلفيين |
| 650 | 0 | 4 | _aالدعاة |
| 650 | 0 | 4 | _aمحمد عبده (الامام) |
| 942 |
_2ddc _cBK |
||
| 999 |
_c52473 _d52473 |
||